Cyclisme : Vainqueurs du Tour d'Italie - Statistiques

Statistiques générales
  • Ce quiz a été pris 334 fois
  • Le résultat moyen est 46 sur 108
Statistiques - réponses
Année Vainqueur % Correct
2024 Tadej Pogačar
92%
2013 | 2016 Vincenzo Nibali
91%
2018 Christopher Froome
89%
1968 | 1970 | 1972 | +2 others Eddy Merckx
82%
2008 | 2015 Alberto Contador
80%
1940 | 1947 | 1949 | +2 others Fausto Coppi
78%
2025 Simon Yates
75%
1980 | 1982 | 1985 Bernard Hinault
74%
2021 Egan Bernal
66%
1936 | 1937 | 1946 Gino Bartali
66%
1992 | 1993 Miguel Indurain
66%
2014 Nairo Quintana
65%
2023 Primož Roglič
65%
1960 | 1964 Jacques Anquetil
60%
1989 Laurent Fignon
60%
2019 Richard Carapaz
58%
1998 Marco Pantani
57%
2022 Jai Hindley
55%
2017 Tom Dumoulin
55%
2006 | 2010 Ivan Basso
54%
1967 | 1969 | 1976 Felice Gimondi
52%
2020 Tao Geoghegan Hart
52%
1925 | 1927 | 1928 | +2 others Alfredo Binda
46%
1987 Stephen Roche
45%
1997 | 1999 Ivan Gotti
38%
2012 Ryder Hesjedal
38%
1956 | 1959 Charly Gaul
37%
2001 | 2003 Gilberto Simoni
37%
2004 Damiano Cunego
35%
1984 Francesco Moser
35%
1990 Gianni Bugno
35%
1995 Tony Rominger
35%
1919 | 1923 Costante Girardengo
34%
2009 Denis Menchov
34%
2000 Stefano Garzelli
34%
2002 | 2005 Paolo Savoldelli
32%
1994 Evgueni Berzin
31%
1957 Gastone Nencini
31%
2011 Michele Scarponi
31%
1996 Pavel Tonkov
29%
1948 | 1951 | 1955 Fiorenzo Magni
28%
1979 | 1983 Giuseppe Saronni
28%
1909 Luigi Ganna
26%
2007 Danilo Di Luca
25%
1962 | 1963 Franco Balmamion
23%
1920 Gaetano Belloni
23%
1921 | 1922 | 1926 Giovanni Brunero
23%
1950 Hugo Koblet
23%
1910 | 1911 Carlo Galetti
22%
1938 | 1939 Giovanni Valetti
22%
1934 Learco Guerra
22%
1977 Michel Pollentier
22%
1981 Giovanni Battaglin
20%
1975 Fausto Bertoglio
18%
1965 Vittorio Adorni
18%
1986 Roberto Visentini
17%
1988 Andrew Hampsten
15%
1932 Antonio Pesenti
15%
1912(équipe) Atala
15%
1954 Carlo Clerici
15%
1931 Francesco Camusso
15%
1991 Franco Chioccioli
15%
1966 Gianni Motta
15%
1914 Alfonso Calzolari
14%
1913 Carlo Oriani
14%
1924 Giuseppe Enrici
14%
1971 Gösta Pettersson
14%
1935 Vasco Bergamaschi
14%
1958 Ercole Baldini
12%
1978 Johan De Muynck
12%
1930 Luigi Marchisio
12%
1961 Arnaldo Pambianco
6%
Aucun quiz correspondant
Distribution des résultats
% des personnes avec chaque résultat
Percentile par nombre de réponses
Votre historique - résultats
Vous n’avez pas pris ce quiz